书目信息 |
| 题名: |
测色与计算机配色
|
|
| 作者: | 董振礼 , 郑宝海 , 轷桂芬 编 | |
| 分册: | ||
| 出版信息: | 北京 中国纺织出版社 2017 |
|
| 页数: | 237页 | |
| 开本: | 26cm | |
| 丛书名: | “十三五”普通高等教育本科部委级规划教材 | |
| 单 册: | ||
| 中图分类: | TS193.1-39 | |
| 科图分类: | ||
| 主题词: | 测色--ce se--高等学校--教材 , 计算机应用--ji suan ji ying yong--配色--高等学校--教材 | |
| 电子资源: | ||
| ISBN: | 978-7-5180-3110-8 | |
| 000 | 01357nam 2200349 450 | |
| 001 | 012001005096 | |
| 005 | 20191213102352.89 | |
| 010 | @a978-7-5180-3110-8@dCNY48.00 | |
| 099 | @aCAL 012017082701 | |
| 100 | @a20170519d2017 em y0chiy50 ea | |
| 101 | 0 | @achi |
| 102 | @aCN@b110000 | |
| 105 | @aak a 000yy | |
| 106 | @ar | |
| 200 | 1 | @a测色与计算机配色@Ace se yu ji suan ji pei se@f董振礼 ... [等] 编 |
| 205 | @a第3版 | |
| 210 | @a北京@c中国纺织出版社@d2017 | |
| 215 | @a237页@c图@d26cm | |
| 225 | 2 | @a“十三五”普通高等教育本科部委级规划教材@A“shi san wu ”pu tong gao deng jiao yu ben ke bu wei ji gui hua jiao cai |
| 304 | @a题名页题其余责任者:郑宝海,轷桂芬。刘建勇。 | |
| 320 | @a有书目 (第196-197页) | |
| 330 | @a本书对颜色的表示、颜色的测量、颜色的计算、颜色测量的仪器以及计算机配色的原理和实施方法都做了比较系统的论述,是染整工程、服装工程等专业现代管理的基础知识。 | |
| 333 | @a本书适用于轻化工程专业、服装工程专业等学生 | |
| 410 | 0 | @12001 @a“十三五”普通高等教育本科部委级规划教材 |
| 606 | 0 | @a测色@Ace se@x高等学校@j教材 |
| 606 | 0 | @a计算机应用@Aji suan ji ying yong@x配色@x高等学校@j教材 |
| 690 | @aTS193.1-39@v5 | |
| 701 | 0 | @a董振礼@Adong zhen li@4编 |
| 701 | 0 | @a郑宝海@Azheng bao hai@4编 |
| 701 | 0 | @a轷桂芬@Ahu gui fen |
| 801 | 2 | @aCN@b江苏凤凰@c20191020 |
| 905 | @b1207332-3@dTS193.1-39@e16=3@f2 | |
| 测色与计算机配色/董振礼 ... [等] 编.-第3版.-北京:中国纺织出版社,2017 |
| 237页:图;26cm.-(“十三五”普通高等教育本科部委级规划教材) |
| 使用对象:本书适用于轻化工程专业、服装工程专业等学生 |
| ISBN 978-7-5180-3110-8:CNY48.00 |
| 本书对颜色的表示、颜色的测量、颜色的计算、颜色测量的仪器以及计算机配色的原理和实施方法都做了比较系统的论述,是染整工程、服装工程等专业现代管理的基础知识。 |
| ● |
| 相关链接 |
|
|
|
|
正题名:测色与计算机配色
索取号:TS193.1-39/16=3
 
预约/预借
| 序号 | 登录号 | 条形码 | 馆藏地/架位号 | 状态 | 备注 |
| 1 | 1207332 | 212073325 | 第二样本阅览室/ [索取号:TS193.1-39/16=3] | 在馆 | |
| 2 | 1207333 | 212073334 | 第三借阅区/ [索取号:TS193.1-39/16=3] | 在馆 |